Las inmortales : (Record no. 184220)
[ view plain ]
| 000 -LEADER | |
|---|---|
| campo de control de longitud fija | 02823nam a2200289 i 4500 |
| 001 - NÚMERO DE CONTROL | |
| campo de control | 184220 |
| 003 - IDENTIFICADOR DE NÚMERO DE CONTROL | |
| campo de control | ES-MaACL |
| 005 - FECHA Y HORA DE LA ÚLTIMA TRANSACCIÓN | |
| campo de control | 20250630160441.0 |
| 008 - DATOS DE LONGITUD FIJA--INFORMACIÓN GENERAL | |
| campo de control de longitud fija | 150511m19711972sp ao |||| |cspa d |
| 040 ## - FUENTE DE CATALOGACIÓN | |
| Centro/agencia transcriptor | ES-MaACL |
| 080 ## - NÚMERO DE LA CLASIFICACIÓN DECIMAL UNIVERSAL | |
| Número de la Clasificación Decimal Universal | 929-055.2(100) |
| 245 04 - MENCIÓN DEL TÍTULO | |
| Título | Las inmortales : |
| Resto del título | 100 mujeres en la historia / |
| Mención de responsabilidad, etc. | director, Enzo Orlandi. |
| 246 ## - FORMA VARIANTE DEL TITULO | |
| Título propio/Titulo breve | 100 mujeres inmortales |
| 246 ## - FORMA VARIANTE DEL TITULO | |
| Título propio/Titulo breve | Cien mujeres inmortales |
| 246 ## - FORMA VARIANTE DEL TITULO | |
| Título propio/Titulo breve | Cien mujeres en la historia |
| 260 ## - PUBLICACIÓN, DISTRIBUCIÓN, ETC. | |
| Lugar de publicación, distribución, etc. | Madrid : |
| Nombre del editor, distribuidor, etc. | Prensa Española, |
| Fecha de publicación, distribución, etc. | [1971-1972] |
| 300 ## - DESCRIPCIÓN FÍSICA | |
| Extensión | 14 volúmenes : |
| Otras características físicas | ilustraciones (blanco y negro y color) ; |
| Dimensiones | 29 cm |
| 500 ## - NOTA GENERAL | |
| Nota general | Índices |
| 505 8# - NOTA DE CONTENIDO CON FORMATO | |
| Nota de contenido con formato | 1. María Sofía d'Agoult. Agripina la Joven. La duquesa de Alba. Luisa de Albany. Ana Bolena. Elisabeth Barret Browning. Beatriz -- 2. Josefina Beauharnais. Harriet Beecher Stowe. Sara Bernhardt. Paulina Borghese. Lucrecia Borgia. Bettina Brentano. Las hermanas Brontë -- 3. La madre Cabrini. Blanca Capello. Carlota de Méjico. Rosalba Carriera. La condesa de Castiglone. Catalina Cornaro. Catalina de Médicis -- 4. Catalina de Rusia. Catalina de Siena. Beatriz Cenci. Cleopatra. Victoria Colonna. Carlota Corday. Constanza de Altavilla -- 5. Cristina de Suecia. María Curie. Virginia de Leyva. María Dorval. Madame Dubarry. Isadora Duncan. María Duplessis. Eleonora Duse -- 6. Helena de Troya. La emperatriz Elena. Isabel de Austria. Isabel de Inglaterra. Eloísa. Gabriela d'Estrées. Madama d'Etampes -- 7. Francesca de Rimini. Anita Garibaldi. Juana de Anjou. Juana de Arco. Judit. Teresa Guiccioli. Lady Hamilton -- 8. La emperatriz Irene. Isabel de Castilla. Isabel de Este. Isolda. Angélica Kauffmann. Madame de La Fayette. Laura. Madame de La Vallière -- 9. Lucrecia. Madame de Maintenon. María Malibrán. Margarita de Angulema. Margarita de Austria. María de Molina. María Antonieta -- 10. María Luisa de Austria. María Teresa de Austria. Mata Hari. Matilde de Toscana. Cleo de Mérode. Mesalina. Emilia Pardo Bazán -- 11. Lola Montes. Eugenia de Montijo. Florence Nightingale. Carolina Otero. Judith Pasta. Adelina Patti. Diana de Poitiers -- 12. Madame de Pompadour. Julia Récamier. Madame Roland. La reina de Saba. Safo. George Sand. Madeleine de Scudéry -- 13. Madame de Sévigné. María Cristina de Habsburgo-Lorena. Madame de Staël. María Estuardo. María Taglioni. Teodolinda. Teodora de Bizancio -- 14. Teresa de Ávila. María Tudor. María Vetsera. Madame Vigée-Lebrun. La reina Victoria [de Inglaterra]. Cósima Wagner. María Walewska |
| 600 14 - PUNTO DE ACCESO ADICIONAL DE MATERIA--NOMBRE DE PERSONA | |
| 9 (RLIN) | 241146 |
| Nombre de persona | Brontë, Charlotte, |
| Fechas asociadas al nombre | 1816-1855 |
| 650 14 - PUNTO DE ACCESO ADICIONAL DE MATERIA--TÉRMINO DE MATERIA | |
| Término de materia o nombre geográfico como elemento de entrada | Mujeres- |
| Subdivisión general | Biografías. |
| 9 (RLIN) | 15255 |
| 700 1# - ENTRADA AGREGADA--NOMBRE PERSONAL | |
| Nombre de persona | Orlandi, Enzo. |
| 9 (RLIN) | 156854 |
| Término indicativo de función/relación | Director de publicación |
| 852 ## - LOCALIZACIÓN | |
| Ubicación | ES-MaACL |
| Ubicación en estantería | Depósito 2 |
| Número de control de estantería | E-15617-30 |
| Encuadernación | Cartoné |
| 942 ## - ELEMENTOS DE ENTRADA SECUNDARIOS (KOHA) | |
| Tipo de ítem Koha | Libro impreso |
| Suprimir en OPAC | No |
| Estatus retirado | Estado de pérdida | Fuente del sistema de clasificación o colocación | Estado de daño | No para préstamo | Biblioteca de origen | Biblioteca actual | Ubicación en estantería | Fecha de adquisición | Total de préstamos | Signatura topográfica completa | Código de barras | Visto por última vez | Tipo de ítem Koha |
|---|---|---|---|---|---|---|---|---|---|---|---|---|---|
| Clasificación decimal universal | Biblioteca del Ateneo de Madrid | Biblioteca del Ateneo de Madrid | Depósito 2 | 11/05/2015 | E-15617-30 | 1193783 | 23/02/2023 | Libro impreso |
